| 000 | 01820nam a2200505 i 4500 | ||
|---|---|---|---|
| 001 | 29771 | ||
| 003 | KOSZ 005 | ||
| 005 | 20190917130622.0 | ||
| 008 | 970510s1992 pl a f |000 0 pol | ||
| 015 | _aPB 1993/10379 | ||
| 020 | _a8390051036 | ||
| 040 |
_aWA N _cWA N _dKOSZ 005/HR |
||
| 041 | 0 |
_apol _beng |
|
| 046 | _k1992 | ||
| 080 | _a546.3/.9 | ||
| 080 | _a541.4 | ||
| 080 | _a541.13/.14 | ||
| 080 | _a537.3 | ||
| 100 | 1 |
_aSienicki, Walery _eAutor |
|
| 245 | 1 | 0 |
_aFotoelektrochemiczne właściwości interkalowanych chalkogenidków wolframu / _cWalery Sienicki. |
| 260 |
_aKoszalin : _bWydaw. Uczelniane WSI, _c1992. |
||
| 300 |
_a115 s. : _bfot., rys., wykr. ; _c24 cm. |
||
| 336 |
_2rdacontent _aTekst _btxt |
||
| 337 |
_2rdamedia _aBez urządzenia pośredniczącego _bn |
||
| 338 |
_2rdacarrier _aWolumin _bnc |
||
| 380 | _aKsiążki | ||
| 380 | _aPublikacje naukowe | ||
| 388 | _a1901-2000 | ||
| 388 | _a1989-2000 | ||
| 490 | 1 |
_aMonografie / Wyższa Szkoła Inżynierska w Koszalinie, _x0239-7129 ; _vnr 44. |
|
| 500 | _aNa s. red. : Monografia Wydziału Mechanicznego. | ||
| 504 | _aBibliogr. s. 101-113. | ||
| 546 | _aStreszcz. ang. | ||
| 650 | 4 | _aElektrody | |
| 650 | 4 | _aPrzewodnictwo elektryczne | |
| 650 | 4 | _aPomiary | |
| 650 | 4 | _aZwiązki wolframu | |
| 658 | _aChemia | ||
| 658 | _aFizyka i astronomia | ||
| 710 | 2 |
_aWydawnictwo Uczelniane (Wyższa Szkoła Inżynierska ; Koszalin) _4pbl. |
|
| 830 | 0 |
_aMonografie - Wyższa Szkoła Inżynierska, Koszalin ; _v44. |
|
| 856 |
_uhttp://dlibra.tu.koszalin.pl/dlibra/docmetadata?id=393&from=&dirids=1&ver_id=&lp=1&QI= _yBiblioteka Cyfrowa |
||
| 856 |
_uhttp://koha.tu.koszalin.pl/cgi-bin/koha/opac-detail.pl?biblionumber=29771 _yKatalog online BPK |
||
| 942 |
_2UKD _cKS |
||
| 999 |
_c29771 _d29771 |
||